00540nam a22002057a 4500003000200000005001700002008000200019010001300021020001000034035002300044037001600067040001500083082001500098100002000113245004900133260004900182270005300231300002000284650003000304020180725125011.00 aB-158649 c00.00 aB-158649, B-158650 bCen Lib/Ret aDPLbENc0 a370.3bSHU aShukla, Ramesh  aDictionary of education /cby Ramesh Shukla  bAPH Publishing CorporationaNew Delhi c2005 bNew Delhi a5, ansari road, dariya ganj e110002 a244p.c21cm(Hb) aEducation vDictionaries